Sports Quiz

Random Sports or NFL Quiz

NFL players by picture with helmet on Quiz Stats

 Plays Quiz not verified by Sporcle

Challenge
Share
Tweet
PhotobucketPhotobucketPhotobucketPhotobucketPhotobucketPhotobucketPhotobucketPhotobucketPhotobucketPhotobucketPhotobucketPhotobucketPhotobucketPhotobucketPhotobucketPhotobucketPhotobucketPhotobucketPhotobucketPhotobucketPhotobucketPhotobucketPhotobucketPhotobucketPhotobucketPhotobucketPhotobucketPhotobucketPhotobucketPhotobucketPhotobucketPhotobucket
Score 0/32 Timer 04:00
0 Plays Today
% Correct
Steven Jackson
81.8%
Vincent Jackson
80.3%
Matt Stafford
73.2%
Steve Smith
72.6%
Kyle Orton
72.5%
Wes Welker
71.5%
Greg Jennings
65.4%
Matt Hasselbeck
62.5%
Troy Polamalu
61.1%
Matt Leinart
60%
Justin Tuck
59.4%
Ed Reed
58.7%
Albert Haynesworth
53.3%
Reggie Bush
53.1%
Darrelle Revis
50.2%
Patrick Willis
49.9%
% Correct
DeMarcus Ware
49.1%
Ronnie Brown
48.7%
Jamaal Charles
47.4%
Cortland Finnegan
37.2%
Trent Edwards
35%
Rashean Mathis
33.9%
Sidney Rice
32.6%
Roddy White
28.4%
Joshua Cribbs
27.9%
Byron Leftwich
27.4%
Asante Samuel
24%
Nnamdi Asomugha
21.8%
Johnny Knox
17.1%
Domata Peko
14.5%
Gary Brackett
14.3%
DeMeco Ryans
10.9%

You're not logged in!

Compare scores with friends on all Sporcle quizzes.
Join for Free
OR
Log In

You Might Also Like...

Show Comments

Extras

Created Apr 16, 2010ReportNominate
Tags:NFL Quiz, helmet, Image Quiz, player

Top Quizzes Today


Score Distribution

Your Account Isn't Verified!

In order to create a playlist on Sporcle, you need to verify the email address you used during registration. Go to your Sporcle Settings to finish the process.

Report this User

Report this user for behavior that violates our Community Guidelines.

Details: